| 000 | 01017cam a2200277 a 4500 | ||
|---|---|---|---|
| 003 | OSt | ||
| 005 | 20251117105120.0 | ||
| 008 | |||
| 020 | _a9780073401546 (paperback.) | ||
| 040 |
_cNUST _aNUST _beng _dNUST _erda |
||
| 050 | _aHV9104 REG | ||
| 100 | 1 | _aRegoli, Robert M. | |
| 245 | 1 | 0 |
_aDelinquency in society : _byouth crime in the 21st century / _cRobert Regoli, John D. Hewitt [and] Matthew DeLisi. |
| 250 | _aSeventh edition | ||
| 260 |
_aBoston : _bMcGraw-Hill Higher Education, _c©2008. |
||
| 300 |
_axix, 620 pages. : _bill. ; _c25 cm. |
||
| 336 |
_2rdacontent _atext _btxt |
||
| 337 |
_2rdamedia _aunmediated _bn |
||
| 338 |
_2rdacarrier _avolume _bnc |
||
| 504 | _aIncludes bibliographical references. | ||
| 650 | 0 |
_aJuvenile delinquency _zUnited States. |
|
| 650 | 0 |
_aJuvenile justice, Administration of _zUnited States. |
|
| 700 | 1 | _aHewitt, John D. | |
| 700 | 1 | _aDeLisi, Matt. | |
| 942 |
_cBOOKS _kHV9104 _mREG _2lcc _eSeventh Edition _hHV9104 REG _n0 |
||
| 999 |
_c136073 _d136073 |
||